书目信息 |
| 题名: |
施工员质量员通用与基础知识
|
|
| 作者: | 王铮 主编 ;建筑与市政工程施工现场专业人员职业标准培训教材编委会 编 | |
| 分册: | 设备方向 | |
| 出版信息: | 郑州 黄河水利出版社 2013 |
|
| 页数: | 262页 | |
| 开本: | 26cm | |
| 丛书名: | ||
| 单 册: | ||
| 中图分类: | TU7 | |
| 科图分类: | ||
| 主题词: | 建筑工程--设备管理--职业培训--教材 , 建筑工程 , 设备管理 | |
| 电子资源: | ||
| ISBN: | 978-7-5509-0672-3 | |
| 000 | 01186nam0 2200265 450 | |
| 001 | 141694 | |
| 005 | 20141111121408.53 | |
| 010 | @a978-7-5509-0672-3@dCNY 43.00 | |
| 100 | @a20140317d2013 em y0chiy50 ea | |
| 101 | 0 | @achi |
| 102 | @aCN@b410000 | |
| 105 | @aa z 000yy | |
| 200 | 1 | @a施工员质量员通用与基础知识@9shi gong yuan zhi liang yuan tong yong yu ji chu zhi shi@i设备方向@b专著@f王铮主编@g建筑与市政工程施工现场专业人员职业标准培训教材编审委员会编 |
| 210 | @a郑州@c黄河水利出版社@d2013 | |
| 215 | @a262页@c图,照片@d26cm | |
| 300 | @a建筑与市政工程施工现场专业人员职业标准培训教材 | |
| 330 | @a本书分建筑工程基础知识和建筑设备通用知识两部分,内容包括:力学基础知识、建筑构造与结构、电工学基础知识、计算机信息处理基础知识、建筑给排水系统、建筑电气工程、通风空调系统等。 | |
| 606 | 0 | @a建筑工程@x设备管理@x职业培训@j教材 |
| 606 | 0 | @a建筑工程 |
| 606 | 0 | @a设备管理 |
| 690 | @aTU7@v5 | |
| 701 | 0 | @a王铮@9wang zheng@4主编 |
| 712 | 02 | @a建筑与市政工程施工现场专业人员职业标准培训教材编委会@9jian zhu yu shi zheng gong cheng shi gong xian chang zhuan ye ren yuan zhi ye biao zhun pei xun jiao cai bian wei hui@4编 |
| 801 | 0 | @c20141111 |
| 905 | @a241430@dTU7@eW462 | |
| 施工员质量员通用与基础知识.设备方向/王铮主编/建筑与市政工程施工现场专业人员职业标准培训教材编审委员会编.-郑州:黄河水利出版社,2013 |
| 262页:图,照片;26cm |
| 建筑与市政工程施工现场专业人员职业标准培训教材 |
| ISBN 978-7-5509-0672-3:CNY 43.00 |
| 本书分建筑工程基础知识和建筑设备通用知识两部分,内容包括:力学基础知识、建筑构造与结构、电工学基础知识、计算机信息处理基础知识、建筑给排水系统、建筑电气工程、通风空调系统等。 |
| ● |
| 相关链接 |
|
|
|
正题名:施工员质量员通用与基础知识
索取号:TU7/W462
 
预约/预借
| 序号 | 登录号 | 条形码 | 馆藏地/架位号 | 状态 | 备注 |
| 1 | 0838698 | 208386986 | 建筑库201/201建筑库 13排3列4层/ [索取号:TU7/W462] | 在馆 | |
| 2 | 0838699 | 208386995 | 建筑库201/201建筑库 13排3列4层/ [索取号:TU7/W462] | 在馆 | |
| 3 | 0838700 | 208387002 | 建筑库201/201建筑库 13排3列4层/ [索取号:TU7/W462] | 在馆 |